EN EL PRINCIPIO ERA EL CORAZON /

TRADUCCION DE: IM ANFANG WAR DAS HERZ

Gespeichert in:
Bibliographische Detailangaben
1. Verfasser: Schneider, Oda (autor)
Format: Buch
Schriftenreihe:PRISMA; 54
Schlagworte:
Tags: Tag hinzufügen
Keine Tags, Fügen Sie das erste Tag hinzu!

MARC

LEADER 00000nam^a2200000^a^4500
001 000228399
005 20250521000000.0
009 20260310104322.645
035 |a 048807 
037 |a Acervo Xavier Clavigero 
082 |a 231. 6  |b SCH 
100 |a Schneider, Oda  |e (autor) 
245 1 0 |a EN EL PRINCIPIO ERA EL CORAZON /  |c ODA SCHNEIDER; TR. MARYLA HEPNER DE ITURRIBARRIA 
264 |a SAN SEBASTIAN, ESPAÑA :  |b DINOR,  |c 1959 
300 |a 449p. 
336 |a texto  |b txt  |2 rdacontenido 
337 |a sin mediación  |b n  |2 rdamedio 
338 |a volumen  |b nc  |2 rdasoporte 
440 |a PRISMA;  |v 54 
520 |a TRADUCCION DE: IM ANFANG WAR DAS HERZ 
649 |a XX 
650 |a Dios -  |x Amor 
910 |a Fondo General 
920 |a Impresos - Libros 
930 |a Colección General 
905 |a 101 
901 |a 048807  |b IT1  |c ACC  |i 048807  |u 20250521 
902 |a https://opac.biblio.iteso.mx/vufind/Record/000228399